Komunikačná politika podniku ako nástroj predaja produktov bakalárska práca

Enregistré dans:
Détails bibliographiques
Auteur principal: Stanová, Karina
Collectivité auteur: Fakulta podnikového manažmentu EU. Katedra podnikovohospodárska
Autres auteurs: Grančičová, Katarína, 1967-
Format: Livre
Langue:slovaque
Publié: Bratislava 2018
Tags: Ajouter un tag
Pas de tags, Soyez le premier à ajouter un tag!

MARC

LEADER 00000nbm a2200000 4500
001 0244803
005 20181009112537.3
041 0 |a slo 
044 |a SK 
245 1 0 |a Komunikačná politika podniku ako nástroj predaja produktov  |b bakalárska práca  |c Karina Stanová ; školiteľ: Katarína Grančičová 
264 1 |a Bratislava  |c 2018 
300 |a 52 s. 
100 1 |a Stanová, Karina 
700 1 |a Grančičová, Katarína, 1967- 
710 2 |a Fakulta podnikového manažmentu EU. Katedra podnikovohospodárska